Normal view MARC view

Entry Topical Term

Number of records used in: 1

001 - CONTROL NUMBER

  • control field: 28634

003 - CONTROL NUMBER IDENTIFIER

  • control field: OSt

005 - DATE AND TIME OF LATEST TRANSACTION

  • control field: 20260611151624.0

008 - FIXED-LENGTH DATA ELEMENTS

  • fixed length control field: 260611|| aca||aabn | a|a d

040 ## - CATALOGING SOURCE

  • Original cataloging agency: OSt
  • Transcribing agency: OSt

150 ## - HEADING--TOPICAL TERM

  • Topical term or geographic name entry element: Discipline

670 ## - SOURCE DATA FOUND

  • Source citation: Work cat.: (OSt)24013: Teliston, Donna Walker 28633, What Every Teacher Should Know About: Classroom Management and Discipline , 2003

Powered by Koha